00510nam a22001937a 450000500170000001000130001702000220003003500130005203700160006504000120008108200110009310000240010424500570012826000390018527000240022430000200024865000300026865000180029820170124110111.0 aA-271694 c00.00a0450060772 aA-271694 bCen Lib/Ret aDPLbEN aNbHEI aHeinlein, Robert A. aJob :cby Robert A. Heinlein ba comedy of justice / aLondonbNew english library c1984 bLondon aMill road  a268p.c21cm(Hb) aScience fictionxAmerican aGood and evil